[Event "European Women's Championship"]
[Site "Vysoke Tatry"]
[Date "2018.04.16"]
[Round "8"]
[White "Zpevakova, Jana"]
[Black "Zhukova, Natalia"]
[Result "0-1"]
[Board "55"]
[WhiteElo "2106"]
[WhiteCountry "CZE"]
[WhiteFideId "334030"]
[WhiteEloChange "-3"]
[BlackElo "2426"]
[BlackTitle "GM"]
[BlackCountry "UKR"]
[BlackFideId "14101513"]
[BlackEloChange "1"]

1. d4 {[%clk 1:30:57]} e6 {[%clk 1:30:53]} 2. c4 {[%clk 1:31:19]} c5 {[%clk
1:31:13]} 3. d5 {[%clk 1:31:33]} exd5 {[%clk 1:31:13]} 4. cxd5 {[%clk 1:31:54]}
d6 {[%clk 1:31:28]} 5. Nc3 {[%clk 1:31:53]} g6 {[%clk 1:31:48]} 6. e4 {[%clk
1:31:36]} Bg7 {[%clk 1:32:10]} 7. Bd3 {[%clk 1:31:05]} Nf6 {[%clk 1:25:52]} 8. h3
{[%clk 1:30:33]} O-O {[%clk 1:25:27]} 9. Nf3 {[%clk 1:30:49]} b5 {[%clk 1:23:08]}
10. Nxb5 {[%clk 1:30:45]} Re8 {[%clk 1:23:16]} 11. O-O {[%clk 1:30:31]} Nxe4
{[%clk 1:23:30]} 12. Re1 {[%clk 1:29:52]} a6 {[%clk 1:23:47]} 13. Na3 {[%clk
1:29:51]} Nf6 {[%clk 1:22:53]} 14. Rxe8+ {[%clk 1:29:36]} Nxe8 {[%clk 1:21:34]}
15. Bg5 {[%clk 1:28:35]} Nf6 {[%clk 1:13:18]} 16. Nc4 {[%clk 1:25:21]} Bb7 {[%clk
1:08:01]} 17. Nfd2 {[%clk 1:18:21]} Bxd5 {[%clk 0:53:33]} 18. Be4 {[%clk
1:14:08]} Bc6 {[%clk 0:50:07]} 19. Bxc6 {[%clk 1:10:04]} Nxc6 {[%clk 0:49:49]}
20. Ne4 {[%clk 1:09:46]} Nd4 {[%clk 0:38:02]} 21. Ncxd6 {[%clk 1:04:42]} Rb8
{[%clk 0:38:14]} 22. b3 {[%clk 1:01:48]} h6 {[%clk 0:28:14]} 23. Bxf6 {[%clk
0:54:41]} Bxf6 {[%clk 0:28:27]} 24. Nxf6+ {[%clk 0:53:34]} Qxf6 {[%clk 0:28:54]}
25. Nc4 {[%clk 0:45:13]} Re8 {[%clk 0:26:43]} 26. Qf1 {[%clk 0:40:16]} Re2 {[%clk
0:25:38]} 27. Ne3 {[%clk 0:36:55]} h5 {[%clk 0:24:14]} 28. Nd5 {[%clk 0:31:38]}
Qe5 {[%clk 0:20:56]} 29. Nc3 {[%clk 0:28:56]} Rc2 {[%clk 0:19:38]} 30. Re1 {[%clk
0:29:00]} Nf3+ {[%clk 0:16:34]} 31. gxf3 {[%clk 0:28:21]} Qxc3 {[%clk 0:16:57]}
32. Re8+ {[%clk 0:13:59]} Kg7 {[%clk 0:17:13]} 33. Qxa6 {[%clk 0:13:48]} Qd2
{[%clk 0:13:27]} 0-1

[Event "European Women's Championship"]
[Site "Vysoke Tatry"]
[Date "2018.04.16"]
[Round "8"]
[White "Klek, Hanna Marie"]
[Black "Okuyaz, Duru"]
[Result "0-1"]
[Board "56"]
[WhiteElo "2327"]
[WhiteTitle "WGM"]
[WhiteCountry "GER"]
[WhiteFideId "24670057"]
[WhiteEloChange "-15"]
[BlackElo "2122"]
[BlackTitle "WFM"]
[BlackCountry "TUR"]
[BlackFideId "6346022"]
[BlackEloChange "15"]

1. e4 {[%clk 1:30:58]} c6 {[%clk 1:30:54]} 2. d4 {[%clk 1:31:22]} d5 {[%clk
1:31:20]} 3. e5 {[%clk 1:31:47]} Bf5 {[%clk 1:31:44]} 4. h4 {[%clk 1:32:09]} h5
{[%clk 1:32:08]} 5. Bd3 {[%clk 1:32:34]} Bxd3 {[%clk 1:32:28]} 6. Qxd3 {[%clk
1:32:58]} e6 {[%clk 1:32:49]} 7. Bg5 {[%clk 1:33:24]} Be7 {[%clk 1:33:07]} 8. Nf3
{[%clk 1:31:29]} Nh6 {[%clk 1:33:21]} 9. Nc3 {[%clk 1:30:50]} Nf5 {[%clk
1:32:35]} 10. g3 {[%clk 1:29:54]} Nd7 {[%clk 1:31:12]} 11. O-O {[%clk 1:27:28]}
a6 {[%clk 1:25:41]} 12. a4 {[%clk 1:23:46]} Bxg5 {[%clk 1:22:24]} 13. Nxg5 {[%clk
1:24:03]} c5 {[%clk 1:22:31]} 14. Rfe1 {[%clk 1:09:39]} cxd4 {[%clk 1:13:53]} 15.
Ne2 {[%clk 1:07:49]} Nxe5 {[%clk 1:10:00]} 16. Qb3 {[%clk 1:07:49]} O-O {[%clk
1:05:44]} 17. Nf4 {[%clk 0:52:59]} Qd6 {[%clk 1:01:14]} 18. Nxh5 {[%clk 0:49:34]}
d3 {[%clk 0:57:20]} 19. cxd3 {[%clk 0:45:58]} Nd4 {[%clk 0:57:28]} 20. Qd1 {[%clk
0:43:53]} f6 {[%clk 0:56:23]} 21. f4 {[%clk 0:40:10]} fxg5 {[%clk 0:44:56]} 22.
fxe5 {[%clk 0:39:39]} Qb6 {[%clk 0:42:59]} 23. Kh1 {[%clk 0:37:34]} Rf2 {[%clk
0:41:17]} 24. Rf1 {[%clk 0:35:44]} Nf3 {[%clk 0:39:32]} 25. Qxf3 {[%clk 0:35:54]}
Rxf3 {[%clk 0:39:56]} 26. Rxf3 {[%clk 0:36:20]} Qxb2 {[%clk 0:40:03]} 27. Raf1
{[%clk 0:36:19]} Qxe5 {[%clk 0:35:20]} 28. Rf7 {[%clk 0:35:59]} gxh4 {[%clk
0:34:28]} 29. Rxg7+ {[%clk 0:30:50]} Qxg7 {[%clk 0:34:11]} 30. Nxg7 {[%clk
0:31:14]} Kxg7 {[%clk 0:34:37]} 31. gxh4 {[%clk 0:23:43]} b5 {[%clk 0:32:32]} 32.
Rf4 {[%clk 0:23:09]} Rc8 {[%clk 0:31:18]} 33. Rb4 {[%clk 0:22:06]} Rc3 {[%clk
0:30:41]} 34. axb5 {[%clk 0:21:58]} axb5 {[%clk 0:31:06]} 35. Rxb5 {[%clk
0:21:56]} Rxd3 {[%clk 0:31:30]} 36. Kg2 {[%clk 0:22:15]} Kg6 {[%clk 0:28:47]} 37.
Rb8 {[%clk 0:19:01]} Kh5 {[%clk 0:25:11]} 38. Re8 {[%clk 0:17:11]} Re3 {[%clk
0:24:33]} 39. Rh8+ {[%clk 0:15:49]} Kg4 {[%clk 0:24:49]} 40. h5 {[%clk 0:46:09]}
Kg5 {[%clk 0:40:06]} 41. h6 {[%clk 0:42:36]} Kg6 {[%clk 0:40:14]} 42. Kf2 {[%clk
0:40:14]} Rh3 {[%clk 0:31:50]} 43. Re8 {[%clk 0:40:34]} Kf5 {[%clk 0:32:13]} 44.
Rh8 {[%clk 0:40:40]} Ke4 {[%clk 0:32:14]} 45. h7 {[%clk 0:38:36]} e5 {[%clk
0:32:32]} 46. Kg2 {[%clk 0:36:04]} Rh6 {[%clk 0:32:43]} 47. Kg3 {[%clk 0:34:21]}
d4 {[%clk 0:32:41]} 48. Kg4 {[%clk 0:34:45]} d3 {[%clk 0:30:14]} 49. Kg5 {[%clk
0:35:10]} Rh1 {[%clk 0:30:20]} 50. Kg6 {[%clk 0:35:18]} d2 {[%clk 0:29:18]} 51.
Rd8 {[%clk 0:35:38]} Ke3 {[%clk 0:29:23]} 52. Rd5 {[%clk 0:35:07]} e4 {[%clk
0:29:36]} 0-1

[Event "European Women's Championship"]
[Site "Vysoke Tatry"]
[Date "2018.04.16"]
[Round "8"]
[White "Ozbay, Ece"]
[Black "Cosman, Andreea-Marioara"]
[Result "1/2-1/2"]
[Board "57"]
[WhiteElo "2216"]
[WhiteTitle "WFM"]
[WhiteCountry "TUR"]
[WhiteFideId "6351743"]
[WhiteEloChange "-2"]
[BlackElo "2141"]
[BlackTitle "WFM"]
[BlackCountry "ROU"]
[BlackFideId "1217968"]
[BlackEloChange "2"]

1. e4 {[%clk 1:30:56]} c5 {[%clk 1:30:56]} 2. Nf3 {[%clk 1:31:17]} d6 {[%clk
1:31:22]} 3. d4 {[%clk 1:31:43]} Nf6 {[%clk 1:31:45]} 4. e5 {[%clk 1:25:03]} dxe5
{[%clk 1:31:42]} 5. dxe5 {[%clk 1:25:17]} Qxd1+ {[%clk 1:32:05]} 6. Kxd1 {[%clk
1:25:42]} Ng4 {[%clk 1:32:32]} 7. Ke1 {[%clk 1:24:06]} Nc6 {[%clk 1:32:56]} 8.
Bf4 {[%clk 1:24:06]} g5 {[%clk 1:33:20]} 9. Nxg5 {[%clk 1:16:31]} Ngxe5 {[%clk
1:25:18]} 10. Ne4 {[%clk 1:15:45]} Bg7 {[%clk 1:24:35]} 11. Nbc3 {[%clk 1:14:26]}
Bf5 {[%clk 1:10:13]} 12. f3 {[%clk 1:10:39]} O-O {[%clk 1:03:33]} 13. Kf2 {[%clk
1:07:11]} Nd4 {[%clk 0:54:05]} 14. Nd5 {[%clk 0:58:03]} Ng6 {[%clk 0:48:53]} 15.
c3 {[%clk 0:55:43]} Nxf4 {[%clk 0:40:52]} 16. Nxf4 {[%clk 0:56:04]} Bxe4 {[%clk
0:39:40]} 17. fxe4 {[%clk 0:56:25]} Nc6 {[%clk 0:39:26]} 18. Rd1 {[%clk 0:54:16]}
Rfd8 {[%clk 0:36:50]} 19. Be2 {[%clk 0:53:00]} e6 {[%clk 0:36:24]} 20. g4 {[%clk
0:51:54]} Rxd1 {[%clk 0:29:27]} 21. Rxd1 {[%clk 0:43:34]} Rd8 {[%clk 0:29:22]}
22. Rxd8+ {[%clk 0:43:56]} Nxd8 {[%clk 0:29:48]} 23. g5 {[%clk 0:42:26]} h6
{[%clk 0:24:23]} 24. h4 {[%clk 0:41:27]} hxg5 {[%clk 0:24:08]} 25. hxg5 {[%clk
0:41:55]} Nc6 {[%clk 0:21:25]} 26. Bg4 {[%clk 0:34:01]} Ne5 {[%clk 0:20:04]} 27.
Bh3 {[%clk 0:33:51]} Kf8 {[%clk 0:18:01]} 28. b4 {[%clk 0:15:51]} Ke7 {[%clk
0:08:45]} 29. bxc5 {[%clk 0:12:23]} Ng6 {[%clk 0:08:13]} 30. Ne2 {[%clk 0:11:58]}
Kd7 {[%clk 0:07:10]} 31. Nd4 {[%clk 0:11:46]} Bf8 {[%clk 0:07:35]} 32. Nb3 {[%clk
0:10:40]} Be7 {[%clk 0:07:58]} 33. Bf1 {[%clk 0:07:09]} a6 {[%clk 0:06:06]} 34.
Na5 {[%clk 0:05:44]} Bxc5+ {[%clk 0:06:12]} 35. Kg3 {[%clk 0:05:48]} Kc7 {[%clk
0:05:08]} 36. Kg4 {[%clk 0:04:16]} Be3 {[%clk 0:05:13]} 37. Nb3 {[%clk 0:02:46]}
Ne5+ {[%clk 0:04:22]} 38. Kh5 {[%clk 0:02:30]} b5 {[%clk 0:04:15]} 39. Be2 {[%clk
0:01:59]} Kb6 {[%clk 0:03:46]} 40. Nd4 {[%clk 0:30:41]} Bd2 {[%clk 0:31:55]} 41.
Nf3 {[%clk 0:30:19]} Nxf3 {[%clk 0:21:15]} 42. Bxf3 {[%clk 0:30:20]} Kc5 {[%clk
0:18:44]} 43. e5 {[%clk 0:27:28]} Bxc3 {[%clk 0:15:29]} 44. Kh6 {[%clk 0:27:02]}
Bxe5 {[%clk 0:12:20]} 45. Bh5 {[%clk 0:26:31]} f5 {[%clk 0:09:53]} 46. g6 {[%clk
0:26:21]} Kb4 {[%clk 0:05:39]} 47. g7 {[%clk 0:26:35]} Bxg7+ {[%clk 0:06:04]} 48.
Kxg7 {[%clk 0:26:57]} Ka3 {[%clk 0:05:57]} 49. Kf6 {[%clk 0:27:02]} Kxa2 {[%clk
0:05:54]} 50. Kxe6 {[%clk 0:27:23]} b4 {[%clk 0:03:42]} 51. Kxf5 {[%clk 0:25:18]}
b3 {[%clk 0:02:19]} 52. Ke5 {[%clk 0:22:48]} a5 {[%clk 0:01:26]} 53. Kd4 {[%clk
0:22:19]} a4 {[%clk 0:00:56]} 54. Kc3 {[%clk 0:22:18]} b2 {[%clk 0:00:57]} 55.
Bg6 {[%clk 0:22:43]} a3 {[%clk 0:00:55]} 56. Kb4 {[%clk 0:23:10]} b1Q+ {[%clk
0:01:00]} 57. Bxb1+ {[%clk 0:23:34]} Kb2 {[%clk 0:01:26]} 58. Ka4 {[%clk
0:23:51]} Kxb1 {[%clk 0:01:51]} 59. Kxa3 {[%clk 0:24:20]} 1/2-1/2

[Event "European Women's Championship"]
[Site "Vysoke Tatry"]
[Date "2018.04.16"]
[Round "8"]
[White "Kubicka, Anna"]
[Black "Ilyuchyk, Yana"]
[Result "1/2-1/2"]
[Board "58"]
[WhiteElo "2215"]
[WhiteTitle "WFM"]
[WhiteCountry "POL"]
[WhiteFideId "1152254"]
[WhiteEloChange "-3"]
[BlackElo "2098"]
[BlackCountry "BLR"]
[BlackFideId "13508407"]
[BlackEloChange "3"]

1. d4 {[%clk 1:30:51]} Nf6 {[%clk 1:30:53]} 2. c4 {[%clk 1:31:15]} d6 {[%clk
1:31:20]} 3. Nc3 {[%clk 1:31:33]} Nbd7 {[%clk 1:31:45]} 4. g3 {[%clk 1:31:42]} e5
{[%clk 1:31:46]} 5. Bg2 {[%clk 1:32:04]} g6 {[%clk 1:32:10]} 6. Nf3 {[%clk
1:32:20]} Bg7 {[%clk 1:32:34]} 7. O-O {[%clk 1:32:43]} O-O {[%clk 1:33:01]} 8. e4
{[%clk 1:33:01]} exd4 {[%clk 1:33:25]} 9. Nxd4 {[%clk 1:33:23]} Nc5 {[%clk
1:33:43]} 10. h3 {[%clk 1:33:02]} Re8 {[%clk 1:34:01]} 11. Re1 {[%clk 1:33:12]}
Bd7 {[%clk 1:33:59]} 12. Bf4 {[%clk 1:28:42]} Qc8 {[%clk 1:32:22]} 13. Kh2 {[%clk
1:28:34]} h6 {[%clk 1:29:21]} 14. f3 {[%clk 0:58:33]} Kh7 {[%clk 1:22:08]} 15.
Be3 {[%clk 0:57:44]} a5 {[%clk 1:18:52]} 16. Rc1 {[%clk 0:56:09]} h5 {[%clk
1:13:40]} 17. h4 {[%clk 0:50:19]} Re7 {[%clk 1:04:25]} 18. Qd2 {[%clk 0:46:03]}
Re8 {[%clk 1:01:53]} 19. b3 {[%clk 0:42:44]} Ne6 {[%clk 0:55:03]} 20. Nxe6 {[%clk
0:41:45]} Bxe6 {[%clk 0:55:09]} 21. Nd5 {[%clk 0:39:44]} Nd7 {[%clk 0:52:13]} 22.
Nf4 {[%clk 0:37:50]} Ne5 {[%clk 0:49:38]} 23. Nxe6 {[%clk 0:37:24]} Qxe6 {[%clk
0:49:51]} 24. Qe2 {[%clk 0:28:21]} c5 {[%clk 0:44:21]} 25. Rcd1 {[%clk 0:23:02]}
Qe7 {[%clk 0:37:18]} 26. Rd5 {[%clk 0:15:47]} a4 {[%clk 0:33:54]} 27. Red1 {[%clk
0:14:50]} axb3 {[%clk 0:28:24]} 28. axb3 {[%clk 0:15:16]} Ra6 {[%clk 0:28:49]}
29. Bh3 {[%clk 0:10:33]} Rea8 {[%clk 0:20:38]} 30. R1d2 {[%clk 0:08:26]} Rb6
{[%clk 0:13:22]} 31. f4 {[%clk 0:01:32]} Nc6 {[%clk 0:09:26]} 32. e5 {[%clk
0:01:57]} Rxb3 {[%clk 0:08:42]} 33. Rxd6 {[%clk 0:02:10]} Nxe5 {[%clk 0:05:52]}
34. fxe5 {[%clk 0:02:10]} Bxe5 {[%clk 0:06:20]} 35. R6d3 {[%clk 0:00:51]} Rxd3
{[%clk 0:03:51]} 36. Rxd3 {[%clk 0:01:11]} Qxh4 {[%clk 0:03:49]} 37. Qf3 {[%clk
0:00:43]} Qxc4 {[%clk 0:03:17]} 38. Rd7 {[%clk 0:00:53]} Kg7 {[%clk 0:02:48]} 39.
Rxb7 {[%clk 0:00:41]} Ra2+ {[%clk 0:02:31]} 40. Bg2 {[%clk 0:31:07]} h4 {[%clk
0:32:02]} 41. Bf4 {[%clk 0:12:35]} hxg3+ {[%clk 0:31:45]} 42. Bxg3 {[%clk
0:13:01]} Qh4+ {[%clk 0:24:51]} 43. Kg1 {[%clk 0:13:28]} Ra1+ {[%clk 0:24:22]}
44. Bf1 {[%clk 0:13:34]} Qxg3+ {[%clk 0:24:12]} 45. Qxg3 {[%clk 0:14:01]} Bxg3
{[%clk 0:24:37]} 46. Kg2 {[%clk 0:14:29]} Rxf1 {[%clk 0:23:01]} 47. Kxf1 {[%clk
0:14:46]} c4 {[%clk 0:23:22]} 48. Rb5 {[%clk 0:12:22]} Bd6 {[%clk 0:22:11]} 49.
Ke2 {[%clk 0:08:45]} f6 {[%clk 0:21:51]} 50. Ke3 {[%clk 0:07:51]} Be5 {[%clk
0:22:09]} 51. Rc5 {[%clk 0:08:02]} c3 {[%clk 0:22:33]} 52. Ke4 {[%clk 0:08:23]}
Kf7 {[%clk 0:22:31]} 53. Rc8 {[%clk 0:08:26]} Ke6 {[%clk 0:22:38]} 54. Rc6+
{[%clk 0:08:11]} Kd7 {[%clk 0:22:57]} 55. Rc4 {[%clk 0:08:17]} Kd6 {[%clk
0:23:18]} 56. Ra4 {[%clk 0:07:56]} f5+ {[%clk 0:22:43]} 57. Kd3 {[%clk 0:08:23]}
g5 {[%clk 0:21:45]} 58. Ra6+ {[%clk 0:08:27]} Ke7 {[%clk 0:22:10]} 59. Ra5 {[%clk
0:08:38]} Kf6 {[%clk 0:14:19]} 60. Ra6+ {[%clk 0:08:56]} Kg7 {[%clk 0:14:38]} 61.
Ra5 {[%clk 0:09:20]} Bf6 {[%clk 0:14:16]} 62. Rxf5 {[%clk 0:09:46]} Kg6 {[%clk
0:14:44]} 63. Ke4 {[%clk 0:09:15]} Bg7 {[%clk 0:12:25]} 64. Rc5 {[%clk 0:09:01]}
Kh5 {[%clk 0:10:43]} 65. Kf5 {[%clk 0:08:38]} Kh4 {[%clk 0:08:29]} 66. Rc4+
{[%clk 0:08:59]} Kg3 {[%clk 0:08:32]} 67. Rxc3+ {[%clk 0:09:14]} 1/2-1/2

[Event "European Women's Championship"]
[Site "Vysoke Tatry"]
[Date "2018.04.16"]
[Round "8"]
[White "Zherebtsova, Alexandra"]
[Black "Hapala, Elisabeth"]
[Result "1-0"]
[Board "59"]
[WhiteElo "2202"]
[WhiteTitle "WFM"]
[WhiteCountry "RUS"]
[WhiteFideId "24129518"]
[WhiteEloChange "7"]
[BlackElo "2091"]
[BlackTitle "WFM"]
[BlackCountry "AUT"]
[BlackFideId "1622080"]
[BlackEloChange "-7"]

1. d4 {[%clk 1:30:57]} d5 {[%clk 1:30:56]} 2. c4 {[%clk 1:31:20]} c6 {[%clk
1:31:22]} 3. Nf3 {[%clk 1:31:46]} Nf6 {[%clk 1:31:49]} 4. e3 {[%clk 1:32:13]} Bf5
{[%clk 1:32:10]} 5. Nc3 {[%clk 1:32:37]} a6 {[%clk 1:32:32]} 6. a4 {[%clk
1:26:50]} e6 {[%clk 1:24:06]} 7. Nh4 {[%clk 1:16:07]} Bg4 {[%clk 1:20:02]} 8. Qb3
{[%clk 1:16:14]} Qc7 {[%clk 1:15:02]} 9. h3 {[%clk 1:16:23]} Bh5 {[%clk 1:15:16]}
10. g4 {[%clk 1:16:26]} Bg6 {[%clk 1:15:41]} 11. Nxg6 {[%clk 1:11:13]} hxg6
{[%clk 1:16:06]} 12. Bg2 {[%clk 1:11:31]} a5 {[%clk 1:05:11]} 13. g5 {[%clk
1:03:48]} Nh5 {[%clk 1:02:33]} 14. Na2 {[%clk 0:51:32]} Nd7 {[%clk 1:00:18]} 15.
Bd2 {[%clk 0:50:34]} Nb6 {[%clk 0:50:21]} 16. cxd5 {[%clk 0:42:39]} exd5 {[%clk
0:50:29]} 17. Bf1 {[%clk 0:41:27]} Be7 {[%clk 0:46:42]} 18. h4 {[%clk 0:41:24]}
O-O {[%clk 0:31:12]} 19. Be2 {[%clk 0:39:49]} Rfe8 {[%clk 0:24:59]} 20. Rc1
{[%clk 0:08:41]} Bd6 {[%clk 0:16:12]} 21. Qd1 {[%clk 0:07:44]} Nc4 {[%clk
0:14:47]} 22. Bxc4 {[%clk 0:06:09]} dxc4 {[%clk 0:15:13]} 23. Rxc4 {[%clk
0:06:30]} Qd7 {[%clk 0:11:34]} 24. Qf3 {[%clk 0:03:14]} Qe6 {[%clk 0:10:50]} 25.
b3 {[%clk 0:03:34]} b5 {[%clk 0:06:46]} 26. axb5 {[%clk 0:03:52]} cxb5 {[%clk
0:07:14]} 27. d5 {[%clk 0:03:14]} Qe5 {[%clk 0:06:30]} 28. Bc3 {[%clk 0:02:49]}
Qe7 {[%clk 0:06:56]} 29. Rc6 {[%clk 0:03:08]} a4 {[%clk 0:06:10]} 30. b4 {[%clk
0:02:50]} Rad8 {[%clk 0:03:00]} 31. Kf1 {[%clk 0:01:22]} Rf8 {[%clk 0:00:46]} 32.
Kg2 {[%clk 0:00:56]} f6 {[%clk 0:00:44]} 33. gxf6 {[%clk 0:00:55]} Nxf6 {[%clk
0:01:10]} 34. Bxf6 {[%clk 0:00:40]} Rxf6 {[%clk 0:01:35]} 35. Qg4 {[%clk
0:01:04]} Rdf8 {[%clk 0:01:18]} 36. Rc2 {[%clk 0:01:09]} Rf5 {[%clk 0:00:37]} 37.
Nc3 {[%clk 0:01:03]} Bxb4 {[%clk 0:00:39]} 38. Nxb5 {[%clk 0:01:14]} Rxd5 {[%clk
0:00:45]} 39. Qc4 {[%clk 0:00:49]} Qf7 {[%clk 0:00:37]} 40. Qxb4 {[%clk 0:30:38]}
Qf3+ {[%clk 0:30:35]} 41. Kh2 {[%clk 0:28:31]} Qf5 {[%clk 0:19:01]} 42. Qc4
{[%clk 0:20:48]} Kh7 {[%clk 0:19:06]} 43. Na3 {[%clk 0:13:08]} Rd3 {[%clk
0:11:43]} 44. Nb1 {[%clk 0:11:25]} a3 {[%clk 0:08:45]} 45. Rg1 {[%clk 0:08:43]}
Qe5+ {[%clk 0:04:29]} 46. Rg3 {[%clk 0:03:44]} Rd1 {[%clk 0:04:53]} 47. Nc3
{[%clk 0:03:33]} Ra1 {[%clk 0:04:27]} 48. Ne4 {[%clk 0:01:45]} Kh6 {[%clk
0:01:11]} 49. Ng5 {[%clk 0:00:44]} Qf6 {[%clk 0:00:39]} 50. Rf3 {[%clk 0:00:41]}
Qd6+ {[%clk 0:00:59]} 51. Kg2 {[%clk 0:00:40]} Rxf3 {[%clk 0:00:40]} 52. Kxf3
{[%clk 0:00:50]} Qd1+ {[%clk 0:00:44]} 53. Kf4 {[%clk 0:00:57]} Qd6+ {[%clk
0:00:55]} 54. Ke4 {[%clk 0:00:48]} Qe7+ {[%clk 0:01:09]} 55. Kf4 {[%clk 0:00:34]}
Rb1 {[%clk 0:00:53]} 56. Nf7+ {[%clk 0:00:44]} Kh7 {[%clk 0:01:17]} 57. Ng5+
{[%clk 0:01:08]} Kh6 {[%clk 0:01:47]} 58. Qe6 {[%clk 0:00:36]} Rb4+ {[%clk
0:02:08]} 59. Kg3 {[%clk 0:00:46]} Qa7 {[%clk 0:00:58]} 60. Rc6 {[%clk 0:00:38]}
Qb8+ {[%clk 0:01:03]} 61. f4 {[%clk 0:00:44]} 1-0

[Event "European Women's Championship"]
[Site "Vysoke Tatry"]
[Date "2018.04.16"]
[Round "8"]
[White "Petrenko, Svetlana"]
[Black "Dwilewicz, Katarzyna"]
[Result "1/2-1/2"]
[Board "60"]
[WhiteElo "2178"]
[WhiteTitle "IM"]
[WhiteCountry "MDA"]
[WhiteFideId "13900196"]
[WhiteEloChange "-5"]
[BlackElo "1967"]
[BlackTitle "WFM"]
[BlackCountry "POL"]
[BlackFideId "1148486"]
[BlackEloChange "5"]

1. d4 {[%clk 1:30:58]} Nf6 {[%clk 1:30:54]} 2. g3 {[%clk 1:31:16]} e6 {[%clk
1:31:02]} 3. Bg2 {[%clk 1:31:38]} d5 {[%clk 1:30:10]} 4. Nf3 {[%clk 1:31:10]} c5
{[%clk 1:29:27]} 5. c3 {[%clk 1:26:40]} Bd6 {[%clk 1:28:33]} 6. O-O {[%clk
1:26:01]} O-O {[%clk 1:28:47]} 7. Ne5 {[%clk 1:18:05]} Nbd7 {[%clk 1:24:28]} 8.
f4 {[%clk 1:17:50]} b6 {[%clk 1:23:53]} 9. e3 {[%clk 1:16:34]} Bb7 {[%clk
1:20:37]} 10. Nd2 {[%clk 1:13:51]} Rc8 {[%clk 1:18:17]} 11. a4 {[%clk 1:11:12]}
a6 {[%clk 1:13:04]} 12. Qe2 {[%clk 1:10:16]} Qe7 {[%clk 1:12:16]} 13. g4 {[%clk
1:03:57]} Ne4 {[%clk 1:08:41]} 14. g5 {[%clk 0:57:38]} f6 {[%clk 1:02:02]} 15.
Nxd7 {[%clk 0:48:59]} Qxd7 {[%clk 1:01:24]} 16. Nxe4 {[%clk 0:48:46]} dxe4 {[%clk
1:01:48]} 17. h4 {[%clk 0:49:11]} f5 {[%clk 0:54:58]} 18. Bd2 {[%clk 0:43:59]}
cxd4 {[%clk 0:52:43]} 19. exd4 {[%clk 0:44:18]} Bd5 {[%clk 0:52:41]} 20. Qd1
{[%clk 0:39:24]} Bc4 {[%clk 0:44:34]} 21. Rf2 {[%clk 0:39:25]} b5 {[%clk
0:44:31]} 22. Bf1 {[%clk 0:34:59]} Qb7 {[%clk 0:42:55]} 23. Bxc4 {[%clk 0:30:48]}
bxc4 {[%clk 0:42:01]} 24. Be3 {[%clk 0:30:09]} a5 {[%clk 0:41:45]} 25. Rd2 {[%clk
0:25:43]} Qd5 {[%clk 0:40:06]} 26. Kh2 {[%clk 0:18:18]} Rb8 {[%clk 0:39:21]} 27.
Kg3 {[%clk 0:18:22]} Rb3 {[%clk 0:38:48]} 28. Qe2 {[%clk 0:16:17]} Rfb8 {[%clk
0:38:48]} 1/2-1/2

[Event "European Women's Championship"]
[Site "Vysoke Tatry"]
[Date "2018.04.16"]
[Round "8"]
[White "Caglar, Sila"]
[Black "Berke, Ana"]
[Result "0-1"]
[Board "61"]
[WhiteElo "2077"]
[WhiteTitle "WFM"]
[WhiteCountry "TUR"]
[WhiteFideId "6364063"]
[WhiteEloChange "-7"]
[BlackElo "2173"]
[BlackTitle "WIM"]
[BlackCountry "CRO"]
[BlackFideId "14510359"]
[BlackEloChange "7"]

1. e4 {[%clk 1:30:58]} c5 {[%clk 1:30:54]} 2. Nf3 {[%clk 1:31:24]} Nc6 {[%clk
1:31:18]} 3. d4 {[%clk 1:31:34]} cxd4 {[%clk 1:31:42]} 4. Nxd4 {[%clk 1:31:59]}
Qb6 {[%clk 1:32:08]} 5. Nb3 {[%clk 1:32:14]} Nf6 {[%clk 1:32:25]} 6. Nc3 {[%clk
1:32:35]} e6 {[%clk 1:32:50]} 7. Be3 {[%clk 1:32:38]} Qc7 {[%clk 1:33:13]} 8. Bd3
{[%clk 1:32:35]} a6 {[%clk 1:33:14]} 9. f4 {[%clk 1:31:58]} d6 {[%clk 1:33:25]}
10. Qf3 {[%clk 1:31:30]} Be7 {[%clk 1:33:32]} 11. O-O-O {[%clk 1:27:55]} O-O
{[%clk 1:30:56]} 12. Kb1 {[%clk 1:24:26]} Bd7 {[%clk 1:27:26]} 13. g4 {[%clk
1:23:33]} b5 {[%clk 1:25:40]} 14. g5 {[%clk 1:22:29]} Ne8 {[%clk 1:25:45]} 15. f5
{[%clk 1:05:42]} Ne5 {[%clk 1:19:37]} 16. Qf4 {[%clk 1:04:21]} Rc8 {[%clk
1:14:13]} 17. Rd2 {[%clk 0:55:49]} Nc4 {[%clk 1:08:33]} 18. f6 {[%clk 0:47:29]}
Nxf6 {[%clk 0:56:33]} 19. Bxc4 {[%clk 0:30:04]} bxc4 {[%clk 0:56:27]} 20. gxf6
{[%clk 0:29:35]} Bxf6 {[%clk 0:56:19]} 21. Nd4 {[%clk 0:26:54]} e5 {[%clk
0:51:37]} 22. Qf3 {[%clk 0:25:37]} exd4 {[%clk 0:48:40]} 23. Nd5 {[%clk 0:25:54]}
dxe3 {[%clk 0:34:45]} 24. Rg2 {[%clk 0:14:44]} Be5 {[%clk 0:23:21]} 25. Nxc7
{[%clk 0:14:22]} Rxc7 {[%clk 0:23:40]} 26. Qxe3 {[%clk 0:10:14]} f5 {[%clk
0:22:38]} 27. exf5 {[%clk 0:07:12]} Bxf5 {[%clk 0:22:32]} 28. Rf2 {[%clk
0:02:41]} Rb7 {[%clk 0:18:19]} 29. b3 {[%clk 0:01:11]} g6 {[%clk 0:17:16]} 30. h4
{[%clk 0:00:40]} cxb3 {[%clk 0:16:19]} 31. axb3 {[%clk 0:01:04]} a5 {[%clk
0:16:03]} 32. Rf3 {[%clk 0:00:34]} a4 {[%clk 0:15:03]} 33. Qd2 {[%clk 0:00:31]}
Kh8 {[%clk 0:13:23]} 34. Qd5 {[%clk 0:00:32]} Rfb8 {[%clk 0:12:52]} 35. Kc1
{[%clk 0:00:32]} Rb5 {[%clk 0:08:39]} 36. Qc4 {[%clk 0:00:33]} axb3 {[%clk
0:08:02]} 37. Rxb3 {[%clk 0:00:33]} Rxb3 {[%clk 0:07:19]} 38. cxb3 {[%clk
0:00:47]} Rc8 {[%clk 0:06:58]} 39. Qxc8+ {[%clk 0:00:35]} Bxc8 {[%clk 0:07:24]}
40. Kd2 {[%clk 0:30:42]} Kg7 {[%clk 0:37:37]} 41. Kd3 {[%clk 0:30:42]} Kh6 {[%clk
0:37:21]} 42. b4 {[%clk 0:25:56]} Ba6+ {[%clk 0:35:15]} 43. Ke3 {[%clk 0:25:51]}
Kh5 {[%clk 0:35:29]} 44. Rb1 {[%clk 0:24:58]} Bb5 {[%clk 0:35:35]} 45. Rc1 {[%clk
0:23:52]} h6 {[%clk 0:35:23]} 46. Rc8 {[%clk 0:22:57]} Kxh4 {[%clk 0:35:15]} 47.
Rb8 {[%clk 0:23:21]} Bc4 {[%clk 0:35:00]} 48. Ke4 {[%clk 0:23:06]} Bf1 {[%clk
0:33:18]} 49. b5 {[%clk 0:23:12]} Bg2+ {[%clk 0:33:19]} 50. Kd3 {[%clk 0:23:25]}
g5 {[%clk 0:33:12]} 51. b6 {[%clk 0:23:37]} h5 {[%clk 0:33:19]} 52. b7 {[%clk
0:23:54]} g4 {[%clk 0:33:09]} 53. Ke3 {[%clk 0:23:59]} Kg3 {[%clk 0:33:24]} 0-1